00329nam a22001457a 4500003000400000020001800004082001900022100001600041245002800057250001300085260004600098300000800144650001600152700001500168SGT a9789356964648 a617.6342bT25G aGarg, Nisha aTextbook of Endodontics a5th Ed.  aNew Delhi, IndiabJaypee Publishersc2025 a618 aEndodontics aGarg, Amit